000 00667nam a2200241Ia 4500
003 OSt
005 20220928113605.0
006 a|||||r|||| 00| 0
007 ta
008 220927b |||||||| |||| 00| 0 eng d
024 _a46689
037 _cTextual
040 _aSDCL
_cSDCL
_beng
041 _2eng
_aeng
082 _aR2, M8
100 _aNyiri J C
_9433955
245 0 _aPractical knowledge
_b Outlines of a theory of traditions and skills.
260 _aLondon
_bCroom Helm
_c1988
300 _avii,213p.
_ccm.
700 _a Smith Barry
_9433956
942 _hR2, M8
_cTEXL
_2CC
999 _c750356
_d750356